000 00736nam a2200205Ia 4500
005 20250508161720.0
008 008 250505s9999 xx 000 0 eng d
020 _a81-86684-59-X
037 _aBooks to be hide in OPAC
040 _aFEDL
_beng
_cFEDL
041 _aeng
_2eng
084 _a370.58, NAT/O
_qFEDL
100 _aHenry Nelson B Ed.
_911231
245 0 _aPersonnel services: The fifty-eighth yearbook of the national society for the study of education, Part 2
245 4 _cThe National Society for the Study of Education (Chicago USA)
260 _aChicago , USA
_bThe National Society for the Study of Education
_c1959
300 _axi,303p
942 _cHB
_h370.58, NAT/O
999 _c1371707
_d1371707